Welcome to the Holygrace Academy Library

Please use search bar below to get started

PRAKASHA REKHAKAL (Record no. 5555)

MARC details
000 -LEADER
fixed length control field 00343nam a22001457a 4500
020 ## - INTERNATIONAL STANDARD BOOK NUMBER
ISBN 93-85018-85-X
082 ## - DEWEY DECIMAL CLASSIFICATION NUMBER
Classification number 894.812
Item number KDO/P
100 ## - MAIN ENTRY--AUTHOR NAME
Personal name KOOTTUMMEL, JOJI
245 ## - TITLE STATEMENT
Title PRAKASHA REKHAKAL
260 ## - PUBLICATION, DISTRIBUTION, ETC. (IMPRINT)
Place of publication THIRUVANANTHAPURAM
Name of publisher CHINTA PUBLISHERS
Year of publication 2015
300 ## - PHYSICAL DESCRIPTION
Number of Pages 96
520 ## - SUMMARY, ETC.
Summary, etc ABOUT LIGHT
650 ## - SUBJECT ADDED ENTRY--TOPICAL TERM
Topical Term LIGHTS AND ITS PATH
942 ## - ADDED ENTRY ELEMENTS (KOHA)
Koha item type Books
Holdings
Withdrawn status Lost status Collection code Home library Current library Shelving location Date acquired Source of acquisition Cost, normal purchase price Full call number Accession Number Koha item type
    Fiction Main Library Main Library SHELF-16L- MALAYALAM BIOGRAPHY,STUDIES/CRITICISM 28/02/2017 Purchase 90.00 894.812 KDO/P 09983 Books